000 00452nam a2200181Ia 4500
001 22514
005 20260414150836.0
008 260414t2010||||xx |||||||||||||| ||spa||
041 _aESP
082 _a621.382
_bC28
100 _aCarroll, Brandon James
_eAUT
245 0 _aCCNA Wireles :
_bofficial exam certificación guide
260 _c2010
300 _a473 pƔginas :
_c23 cm.
650 _aTCA
654 _aCET
942 _cLIB
_dJUS
_fJUS
_2ddc
_n
999 _c22514
_d22514